000 00768nam a2200229Ia 4500
003 OSt
005 20260326111034.0
008 210716s1987 xx 000 0 und d
020 _a070991367
040 _cAIMIT LIBRARY
041 _aeng
082 _a511.324
_21
_bMENE
100 _aMendelson, Elliott.
_9259378
245 _aSchaums outline of theory and problems of boolean algebra :
_bswitching circuits /
_cBy Elliott Mendelson.
250 _a1st ed.
260 _aNew York :
_bSchaum's outline series ,
_c1987.
300 _a213p. ;
_bPB
_c25 cm
650 _aThe algebra of sets
_9259379
650 _aSwitching circuits and logic circuits
_9259380
650 _aTopics in the theory of boolean algebrasa
_9259381
942 _2ddc
_cBK
_e1st
_k511.324 MENE
999 _c181281
_d181281